Football players by picture - Statistics

General Stats
  • This quiz has been taken 567 times
  • The average score is 14 of 20
Answer Stats
Picture Answer % Correct
Cristiano Ronaldo
99%
Lionel Messi
99%
Kylian Mbappe
97%
Neymar da Silva Santos Júnior
97%
Eriling Haaland
92%
Zlatan Ibrahimović
91%
Ronaldinho Gaucho
83%
Luiz Suarez
82%
Kevin De bruyne
79%
Vinicius Jr
69%
Jude Bellingham
68%
Mohamed Salah
67%
Emiliano Martinez
65%
Harry Kane
52%
Heung-Min Son
51%
Becker Alisson
46%
Kaoru Mitoma
42%
Rodri
40%
Wataru Endo
35%
Takehiro Tomiyasu
23%
No matching quizzes found
Score Distribution
Percent of People with Each Score
Percentile by Number Answered
Your Score History
You have not taken this quiz